| 000 | 01199cam a2200385 i 4500 | ||
|---|---|---|---|
| 001 | 18414946 | ||
| 003 | NUST | ||
| 005 | 20241021143444.0 | ||
| 008 | 141223t20132013cc a 001 0 eng | ||
| 010 | _a 2014497591 | ||
| 020 | _a9781449355739 (paperback) | ||
| 038 | _awaseem | ||
| 040 |
_aDLC _beng _erda _cDLC _dDLC |
||
| 042 | _apcc | ||
| 050 | 0 | 0 |
_aQA76.73.P98 _bL877 2013 |
| 082 | 0 | 0 |
_a005.133 _bLUT |
| 100 | 1 |
_aLutz, Mark, _eauthor. _989098 |
|
| 245 | 1 | 0 |
_aLearning Python / _cMark Lutz. |
| 250 | _aFifth edition. | ||
| 264 | 1 |
_aBeijing : _bO'Reilly, _c2013. |
|
| 264 | 4 | _c©2013 | |
| 300 |
_al, 1540 pages : _billustrations ; _c24 cm |
||
| 336 |
_atext _btxt _2rdacontent |
||
| 337 |
_aunmediated _bn _2rdamedia |
||
| 338 |
_avolume _bnc _2rdacarrier |
||
| 500 | _a"Updated for 3.3 and 2.7"--Cover. | ||
| 500 | _aIncludes index. | ||
| 563 | _aPBK. | ||
| 650 | 0 |
_aPython (Computer program language) _989099 |
|
| 650 | 0 |
_aObject-oriented programming (Computer science) _989100 |
|
| 856 | _uhttp://10.250.8.41:8080/xmlui/handle/123456789/47290 | ||
| 906 |
_a7 _bcbc _corigcop _d2 _encip _f20 _gy-gencatlg |
||
| 942 |
_2ddc _cBK |
||
| 999 |
_c587939 _d587939 |
||